| 000 | 00934cam a22002893a 4500 | ||
|---|---|---|---|
| 001 | 27000 | ||
| 003 | PGUSA | ||
| 005 | 20140828083601.0 | ||
| 008 | 081024s2008||||xxu|||||s|||||000 | eng d | ||
| 040 |
_aPGUSA _beng |
||
| 042 | _adc | ||
| 050 | 4 | _aPZ | |
| 100 | 1 |
_aAndersen, H. C. _q(Hans Christian), _d1805-1875 |
|
| 245 | 1 | 0 |
_aWhat the Moon Saw ; _band, Other Tales _h[electronic resource] / _cH. C. Andersen |
| 260 |
_bProject Gutenberg, _c2008 |
||
| 506 | _aPublic domain in the USA. | ||
| 516 | _aElectronic text | ||
| 653 | _aFairy tales -- Denmark | ||
| 653 | _aChildren's stories, Danish -- Translations into English | ||
| 700 | 1 |
_aDalziel, Edward, _d1817-1905 |
|
| 700 | 1 |
_aDulcken, H. W. _q(Henry William), _d1832-1894 |
|
| 700 | 1 |
_aBayes, Alfred Walter, _d1832-1909 |
|
| 700 | 1 |
_aDalziel, George, _d1815-1902 |
|
| 830 | 0 |
_aProject Gutenberg _v27000 |
|
| 856 | 4 | 0 | _uhttp://www.gutenberg.org/ebooks/27000 |
| 942 | _cEB | ||
| 999 |
_c256255 _d256255 |
||